Statistiken für Städte der Welt per Emojis – Klicken

Klicken Sie hier um das Quiz zu spielen!

Allgemein

  • Dieses Quiz wurde 136 mal gespielt
  • Das Durchschnittsergebnis liegt bei 11 aus 15

Antwortstatistiken

HintAntwort% Korrekt
🌧️💂🚇London
94%
🤠🐴⭐️Dallas
87%
🐪🔼🇪🇬Kairo
87%
⚛️🍟🍻Brüssel
83%
🗼🗾🏯Tokio
83%
🇵🇱🧜‍♀️⛪️Warschau
79%
☀️🌴🐊Miami
75%
🕌🌉🏛️Istanbul
73%
🇨🇩🐆Kinshasa
72%
🕌🌴🐫Marrakesch
72%
🇨🇺🚗🪇Havanna
66%
🐺⛲️🇻🇦Rom
58%
☀️🩴🕺Rio de Janeiro
56%
🦁✏️👨‍🍳Lyon
48%
🐉🚋🍷Porto
47%

Verteilung der Resultate

Perzentil nach korrekt beantworteten Fragen

Anzahl Personen mit jedem Resultat

Ihre Resultats-Entwicklung

Sie haben dieses Quiz noch nicht gespielt